000 01128nam a2200361 i 4500
001 768714001
003 CO-MdFUSB
005 20210226120513.0
007 ta
008 170721t1992 -us |||| |||| 00| 0 eng d
020 _a33402529X
040 _aCO-MdFUSB
_bspa
_cCO-MdFUSB
_dCO-MdFUSBC
_erda
041 0 _aeng
082 0 4 _aG 221.6 T8224g
100 1 _aTrible, Phyllis
_eautor
245 0 _aGod and the rhetoric of sexuality
_c/ Phyllis Trible
264 4 _aPhiladelphia, USA :
_bFortress,
_c©1987
300 _aXVII, 206 Pag
_c;
336 _2rdacontent
337 _2rdamedia
338 _2rdacarrier
505 _aPistas en un texto. -- Viaje de una metáfora. -- Pasajes por el camino. -- Una historia de amor que salió mal. -- Letras de amor redimidas. -- Una comedia humana
563 _aRústico
650 7 _aHermenéutica
_9418
650 7 _aDios
_xEnseñanza bíblica
_9323
650 7 _aReligión
_9385
650 7 _aAdulterio
_9302
653 _aInterpretación de la Biblia A.T
653 _aHermenéutica bíblica A.T
942 _cBK
945 _aJTF-925
999 _c33084
_d33084